00832nam a22002655i 450000100060000000300090000600500170001500700030003200800410003502000180007604000220009408000110011610000220012724501540014925000120030326000500031530000380036549000240040350000120042750400320043965000210047170000200049283000210051285200330053318989ES-MaACL20250809051646.0t|020507s1999 sp ||||0| spa j a84-460-0369-6 aM-BN bspa cM-BN a78.0361 aMorgan, Robert P.13aLa música del siglo XX b: una historia del estilo musical en la Europa y la América modernas / cRobert P. Morgan ; traducción, Patricia Sojo. a2ª ed. aTorrejón de Ardoz, Madrid : bAkal, c1999. a563 p. : bil., mús. ; c25 cm.1 aAkal/música ; v6 aIndice. aBibliografía: p. 515-539.14aMúsica-yS.XX.1 aSojo, Patricia.00aAkal/Músicav6 aES-MaACLjL-25462 bR.130810